000 00639nam a2200229Ia 4500
003 0100
008 130227s9999 xx 000 0 und d
040 _cARRUPELIB
050 _aLA132.S55
100 _aSmith, William Owen Lester
245 _aEducation
245 _ban introductory survey
260 _aHarmondsworth
260 _bPenguin Books
260 _C1957
300 _a239p.
300 _b 23 cm
650 _bSoviet Union - History - Alexander 111, 1881 - 1894
650 _cSoviet Union - History - Nicholas 11, 1894-1917
650 _dSoviet Union - History - Revolution, 1917-1921 - Causes
942 _2lcc
_01
999 _c4012
_d4012